Vplyv inflácie na úspory. 2 Príloha

Vplyv inflácie na znehodnocovanie úspor. Výhoda kúpy nehnuteľností. Ochrana investora pred neočakávanou infláciou. Investície do obligácií. Druhy obligácií. Vzťah emitenta a majiteľa cenných papierov.

Gespeichert in:
Bibliographische Detailangaben
1. Verfasser: Sikela, R.
Format: Buchkapitel
Sprache:Slowakisch
Schlagworte:
Tags: Tag hinzufügen
Keine Tags, Fügen Sie das erste Tag hinzu!

MARC

LEADER 00000naa a2200000 4500
001 r022520
005 20251104123841.7
041 0 |a slo 
044 |a SK 
245 1 0 |a Vplyv inflácie na úspory. 2  |b Príloha  |c R. Sikela 
520 |a Vplyv inflácie na znehodnocovanie úspor. Výhoda kúpy nehnuteľností. Ochrana investora pred neočakávanou infláciou. Investície do obligácií. Druhy obligácií. Vzťah emitenta a majiteľa cenných papierov. 
610 2 0 |a inflácia 
610 2 0 |a úspory 
610 2 0 |a nehnuteľnosti 
610 2 0 |a investície 
610 2 0 |a obligácie 
610 2 0 |a papiere cenné 
610 2 0 |a emitenti 
100 1 |a Sikela, R.